Another Round of EU Enlargement: What are the economic and institutional must-haves for candidate countries to make accelerated enlargement possible? (Record no. 9150)
[ view plain ]
| 000 -LEADER | |
|---|---|
| fixed length control field | 02918nam a22004457u 4500 |
| 001 - CONTROL NUMBER | |
| control field | pwiiw7468 |
| 003 - CONTROL NUMBER IDENTIFIER | |
| control field | OSt |
| 005 - DATE AND TIME OF LATEST TRANSACTION | |
| control field | 20260517120214.0 |
| 008 - FIXED-LENGTH DATA ELEMENTS--GENERAL INFORMATION | |
| fixed length control field | 251117t2025 au ||||| |||| 00| ||eng d |
| 040 ## - CATALOGING SOURCE | |
| Transcribing agency | OSt |
| 041 ## - LANGUAGE CODE | |
| Language code of text/sound track or separate title | eng |
| 084 ## - OTHER CLASSIFICATION NUMBER | |
| Classification number | F02 |
| -- | F15 |
| -- | F55 |
| -- | P52 |
| -- | O52 |
| Number source | jelc |
| 100 1# - MAIN ENTRY--PERSONAL NAME | |
| Personal name | Grieveson, Richard |
| 245 10 - TITLE STATEMENT | |
| Title | Another Round of EU Enlargement: What are the economic and institutional must-haves for candidate countries to make accelerated enlargement possible? |
| 260 ## - PUBLICATION, DISTRIBUTION, ETC. | |
| Place of publication, distribution, etc. | Wien : |
| Name of publisher, distributor, etc. | Wiener Institut für Internationale Wirtschaftsvergleiche (wiiw), |
| Date of publication, distribution, etc. | 2025. |
| 300 ## - PHYSICAL DESCRIPTION | |
| Extent | 104 S., |
| Other physical details | 2 Tables and 63 Figures, |
| Dimensions | 30cm. |
| 490 1# - SERIES STATEMENT | |
| Series statement | wiiw Policy Notes and Reports |
| Volume/sequential designation | 102 |
| 520 ## - SUMMARY, ETC. | |
| Summary, etc. | This study identifies the minimum economic and institutional conditions that candidate countries must meet to ensure macroeconomic stability, sustainable growth, and effective integration into the EU, under a politically accelerated enlargement process. In the area of external accounts, successful past accessions managed current account deficits through FDI into tradable sectors, while real effective exchange rate misalignments and FDI into non-tradables led to post-accession instability. Key reforms include building export capacity, targeting FDI to tradables, aligning wages with productivity, and reducing debt-financed imbalances. On fiscal policy, while fiscal discipline is essential, overly conservative approaches can hinder growth. Countries with high debt-to-GDP ratios at accession faced prolonged austerity. Reforms should focus on fiscal sustainability, growth-oriented spending, tax base expansion, and procurement transparency. Labour market challenges include depopulation, low productivity, and high poverty. Effective employment policies, migration strategies, regional equity, and education-labour market alignment are essential. Institutional quality remains a critical barrier. Weak rule of law, corruption, and governance backsliding threaten accession prospects and must be addressed before accession. The study concludes that a focused set of pre-accession ‘must haves’ can guide enlargement, supported by adapted EU tools to mitigate risks and foster convergence.<br/> |
| 650 ## - SUBJECT ADDED ENTRY--TOPICAL TERM | |
| Topical term or geographic name entry element | EU Enlargement |
| 650 ## - SUBJECT ADDED ENTRY--TOPICAL TERM | |
| Topical term or geographic name entry element | EU Accession |
| 650 ## - SUBJECT ADDED ENTRY--TOPICAL TERM | |
| Topical term or geographic name entry element | Candidate Countries |
| 650 ## - SUBJECT ADDED ENTRY--TOPICAL TERM | |
| Topical term or geographic name entry element | Ukraine |
| 650 ## - SUBJECT ADDED ENTRY--TOPICAL TERM | |
| Topical term or geographic name entry element | Western Balkans |
| 651 ## - SUBJECT ADDED ENTRY--GEOGRAPHIC NAME | |
| Geographic name | Bulgaria |
| 651 ## - SUBJECT ADDED ENTRY--GEOGRAPHIC NAME | |
| Geographic name | Croatia |
| 651 ## - SUBJECT ADDED ENTRY--GEOGRAPHIC NAME | |
| Geographic name | Montenegro |
| 651 ## - SUBJECT ADDED ENTRY--GEOGRAPHIC NAME | |
| Geographic name | Romania |
| 651 ## - SUBJECT ADDED ENTRY--GEOGRAPHIC NAME | |
| Geographic name | Serbia |
| 651 ## - SUBJECT ADDED ENTRY--GEOGRAPHIC NAME | |
| Geographic name | Ukraine |
| 690 ## - LOCAL SUBJECT ADDED ENTRY--TOPICAL TERM (OCLC, RLIN) | |
| Topical term or geographic name as entry element | Macroeconomic Analysis and Policy |
| 690 ## - LOCAL SUBJECT ADDED ENTRY--TOPICAL TERM (OCLC, RLIN) | |
| Topical term or geographic name as entry element | Labour, Migration and Income Distribution |
| 690 ## - LOCAL SUBJECT ADDED ENTRY--TOPICAL TERM (OCLC, RLIN) | |
| Topical term or geographic name as entry element | International Trade, Competitiveness and FDI |
| 700 1# - ADDED ENTRY--PERSONAL NAME | |
| Personal name | Gutzianas, Ioannis |
| 700 1# - ADDED ENTRY--PERSONAL NAME | |
| Personal name | Jovanović, Branimir |
| 700 1# - ADDED ENTRY--PERSONAL NAME | |
| Personal name | Landesmann, Michael |
| 700 1# - ADDED ENTRY--PERSONAL NAME | |
| Personal name | Pindyuk, Olga |
| 830 #0 - SERIES ADDED ENTRY--UNIFORM TITLE | |
| Volume/sequential designation | 102 |
| Bibliographic record control number | WIIW0000092 |
| Title of a work | wiiw Policy Notes and Reports |
| 856 40 - ELECTRONIC LOCATION AND ACCESS | |
| Uniform Resource Identifier | <a href="https://wiiw.ac.at/p-7468.html">https://wiiw.ac.at/p-7468.html</a> |
| 942 ## - ADDED ENTRY ELEMENTS (KOHA) | |
| Koha item type | Paper |
| Withdrawn status | Lost status | Damaged status | Not for loan | Home library | Current library | Shelving location | Date acquired | Inventory number | Total Checkouts | Full call number | Barcode | Date last seen | Price effective from | Koha item type |
|---|---|---|---|---|---|---|---|---|---|---|---|---|---|---|
| WIIW | WIIW | Library | 11/17/2025 | pwiiw7468 | 102 | 1000010007468 | 11/17/2025 | 11/17/2025 | Paper |
